Statistics for UEFA Euro 2020 Top Scorers

Click here to take the quiz!

General Stats

  • This quiz has been taken 1,107 times
    (1,048 since last reset)
  • The average score is 8 of 12

Answer Stats

GoalsPlayerTeam% Correct
5Cristiano RonaldoPortugal
99%
4Harry KaneEngland
95%
4Romelu LukakuBelgium
89%
3Robert LewandowskiPoland
81%
5Patrik SchickCzech Republic
72%
4Karim BenzemaFrance
70%
3Álvaro MorataSpain
68%
3Raheem SterlingEngland
68%
3Xherdan ShaqiriSwitzerland
49%
4Emil ForsbergSweden
48%
3Kasper DolbergDenmark
32%
3Georginio WijnaldumNetherlands
27%

Score Distribution

Percentile by Number Answered

Percent of People with Each Score

Your Score History

You have not taken this quiz since the last reset